Folklore del niño cubano. parte i /

Guardado en:
Autor Principal: Alzola, Concepción Teresa
Formato: Libro
Publicado: Santa Clara : Universidad central de las Villas, 1961
Materias:
Etiquetas: Agregar Etiqueta
Sin Etiquetas, Sea el primero en etiquetar este registro!
LEADER 00499nam a22001695a 4500
001 CEM.cems000493
005 20060210000000.0
008 130507s1961##################000#0#####d
003 CEMS
082 0 4 |a 784.4 
100 1 |a Alzola, Concepción Teresa 
245 1 0 |a Folklore del niño cubano. parte i / 
260 |a Santa Clara :  |b Universidad central de las Villas,  |c 1961 
300 |a 223 p. 
653 |a Musica 
653 |a Musica folclorica 
859 |a CEMS  |b BIB. CEMS - 11 de abril  |h 784.4  |i Al99/I  |p 10152.81  |t Ej.1